| 000 | 00987nam a2200289 i 4500 | ||
|---|---|---|---|
| 001 | 38371 | ||
| 003 | ES-MaACL | ||
| 005 | 20250513063018.0 | ||
| 007 | t| | ||
| 008 | 030225q19001999sp ||||1| spa d | ||
| 100 | 1 |
_aCalderón de la Barca, Pedro, _d1600-1681 _eaut _9239594 |
|
| 245 | 1 | 0 |
_aTeatro escogido / _cCalderón de la Barca ; edición y noticia preliminar de José Bergua. |
| 260 |
_aMadrid : _bEdiciones Ibéricas, _c[19--?] ( _fSèz) |
||
| 300 |
_a390 p. ; _c16 cm. |
||
| 490 | 1 | _aBiblioteca de bolsillo | |
| 505 | 8 | _aContiene: La vida es sueño. El alcalde de Zalamea. El mágico prodigioso. El principe constante | |
| 650 | 1 | 4 |
_a _9239525 |
| 700 | 1 |
_aBergua, José. _928017 |
|
| 740 | 3 | _aEl alcalde de Zalamea. | |
| 740 | 3 | _aLa vida es sueño. | |
| 740 | 3 | _aEl mágico prodigioso. | |
| 740 | 3 | _aEl principe constante. | |
| 830 | 0 |
_aBiblioteca de Bolsillo _9177945 |
|
| 852 |
_aES-MaACL _jC-9356 _bR.37531 |
||
| 942 | _2udc | ||
| 999 |
_c38371 _d38371 |
||